000 00823nam a22002177a 4500
999 _c7697
_d7697
003 AR-CdUCM
008 190321b ||||| |||| 00| 0 spa d
040 _aMUNICIPALIDAD PROVINCIAL DEL CUSCO
_cBIBLIOTECA MUNICIPAL DEL CUSCO
082 _a582.4 /
_bV64
100 _aVidal, Jose J.
_921732
245 _aEl pino :
_by algunas especies de interés económico /
260 _aMéxico :
_bHispano americano,
_c1962.
300 _a233 paginas ;
_bIlustraciones,
_c16 cm.
440 _aManuales uteha
_n141/141a
_921733
505 _aContenido : Plantas coníferas -- El pino como esencia forestal -- Creación de montes de pino -- Algunas especies de interés forestal.
650 _aPino
_921734
650 _aAgricultura y ganaderia
_921735
650 _aPlantas coníferas
_921736
942 _2ddc
_cLIBROS
945 _awnts